Testing of rubber and elastomers. Determination of copper content: Photometric method. (Record no. 73355)

MARC details
000 -LEADER
fixed length control field 00421nam a2200145Ia 4500
245 #0 - TITLE STATEMENT
Title Testing of rubber and elastomers. Determination of copper content: Photometric method.
260 ## - PUBLICATION, DISTRIBUTION, ETC. (IMPRINT)
Year of publication 1972
500 ## - GENERAL NOTE
General note Standard number: DIN 53 569 Sheet 1
650 ## - SUBJECT ADDED ENTRY--TOPICAL TERM
Topical Term Copper content
650 ## - SUBJECT ADDED ENTRY--TOPICAL TERM
Topical Term Elastomers
650 ## - SUBJECT ADDED ENTRY--TOPICAL TERM
Topical Term Photometric method
650 ## - SUBJECT ADDED ENTRY--TOPICAL TERM
Topical Term Plastics
942 ## - ADDED ENTRY ELEMENTS (KOHA)
Koha item type Standards
Holdings
Withdrawn status Lost status Damaged status Not for loan Collection code Home library Current library Date acquired Koha item type
      Standards DIN standards/German Standards RRII Library RRII Library 31/12/2021 Standards